| 000 | 00590nam a2200217 4500 | ||
|---|---|---|---|
| 001 | 174451 | ||
| 003 | ES-MaACL | ||
| 005 | 20250911062657.0 | ||
| 008 | 100422s1968 sp |||| | spa d | ||
| 017 | _aB 28604-1968 | ||
| 080 | _a821.134.2-31"19" | ||
| 100 | 1 |
_aGoytisolo, Juan. _959422 |
|
| 245 | 1 | 0 |
_aDuelo en el paraíso / _cJuan Goytisolo. |
| 250 | _a4ª ed. | ||
| 260 |
_aBarcelona : _bDestino, _c1968. |
||
| 300 |
_a294 p. ; _c19 cm. |
||
| 490 | 1 |
_aÁncora y delfín ; _v183 |
|
| 830 | 0 | 0 |
_aÁncora y Delfín _v183 _9151298 |
| 852 | 4 |
_a BA _jC-57131 |
|
| 999 |
_c174451 _d174451 |
||